Loading...
| Current Events | 4 | 17.50 | 100% | 75% | 0% |
| Fine Arts - Auditory | 7 | 15.71 | 86% | 71% | 0% |
| Fine Arts - Other | 8 | 23.75 | 100% | 88% | 50% |
| Fine Arts - Visual | 9 | 16.67 | 100% | 67% | 0% |
| Geography | 5 | 16.00 | 100% | 40% | 20% |
| History - American | 8 | 21.25 | 100% | 88% | 25% |
| History - Ancient | 1 | 20.00 | 100% | 100% | 0% |
| History - Ancient/Other | 7 | 14.29 | 100% | 43% | 0% |
| History - European | 7 | 18.57 | 100% | 86% | 0% |
| History - World | 7 | 20.00 | 100% | 86% | 14% |
| Literature - American | 4 | 25.00 | 100% | 100% | 50% |
| Literature - British | 7 | 18.57 | 100% | 57% | 29% |
| Literature - European | 4 | 17.50 | 100% | 75% | 0% |
| Literature - World | 7 | 15.71 | 86% | 71% | 0% |
| Mythology | 4 | 20.00 | 100% | 75% | 25% |
| Other Academic | 4 | 20.00 | 75% | 75% | 50% |
| Philosophy | 9 | 16.67 | 100% | 67% | 0% |
| Religion | 7 | 15.71 | 100% | 57% | 0% |
| Science - Biology | 7 | 15.71 | 86% | 57% | 14% |
| Science - Chemistry | 8 | 18.75 | 100% | 75% | 13% |
| Science - Other | 13 | 16.92 | 92% | 62% | 15% |
| Science - Physics | 7 | 21.43 | 100% | 100% | 14% |
| Social Science | 13 | 18.46 | 92% | 77% | 15% |